Answer the question - Statistics

General Stats
  • This quiz has been taken 32 times
  • The average score is 26 of 41
Answers on the Map
Answers color-coded by a green-red scale on the quiz's map according to % correct below.
 
Answer Stats
Hint Answer % Correct
Most Populated nation India
96%
Largest by land area Russia
96%
Largest economy and strongest military United States
92%
Only Jewish majority country Israel
88%
Largest and most populated South American nation Brazil
83%
Richest European country by total GDP Germany
83%
Most Muslims and most Populated country entirely made of Islands Indonesia
83%
Most sparsely populated Mongolia
83%
Most ethnically diverse and only Oceanian country to have a border Papua New Guinea
83%
Most South African country South Africa
83%
Smallest and least populated nation Vatican City
83%
largest African country Algeria
79%
Most densely populated and most billionares per capita Monaco
79%
Hardest country to escape North Korea
79%
Where Islam was founded Saudi Arabia
79%
Largest country to sit entirely within europe Ukraine
79%
Home to the tallest building United Arab Emirates
79%
Most South country on the Arabian peninsula Yemen
79%
Most borders China
75%
Largest country in size in sub-saharan africa Dr. Congo
75%
Home of the parthenon Greece
75%
largest country to be completely surrounded by another country Lesotho
75%
Most populated African country Nigeria
75%
Newest and poorest nation South Sudan
75%
Most populated Metro Japan
67%
Largest empire to exist United Kingdom
67%
Which modern country was Hinduism founded. Pakistan
63%
directly on the horn of africa Somalia
63%
Largest territory Denmark
54%
Home to the least densely populated part of the eu Finland
54%
chocolate capital of the world Belgium
50%
Highest GDP per capita Luxembourg
46%
Most densely populated non micro state entirely in europe Netherlands
38%
Most densely populated non micro state in europe Turkey
33%
Oldest country Egypt
29%
Most recent president assassination (in 2021) Haiti
25%
Owns the most remote island Norway
25%
Most densely populated non micro state Bangladesh
21%
Most optimistic claims of land. Taiwan
21%
Only African nation not to be Christian or Islam majority Mauritius
17%
Largest EEZ claims France
13%
No matching quizzes found
Score Distribution
Percent of People with Each Score
Percentile by Number Answered
Your Score History
You have not taken this quiz